Statistics for Artist by Song Titles (Metal Version)

Click here to take the quiz!

General Stats

  • This quiz has been taken 13 times
  • The average score is 52 of 225

Answer Stats

Songs TitlesArtist% Correct
▪Back In Black
▪Highway To Hell
AC/DC
100%
▪ Freak On A Leash
▪ Falling Away From Me
Korn
92%
▪ Enter Sandman
▪ Nothing Else Matters
Metallica
92%
▪ Paranoid
▪ Iron Man
Black Sabbath
83%
▪ Breaking The Law
▪ Painkiller
Judas Priest
83%
▪ Ace Of Spades
▪ Overkill
Motörhead
83%
▪ Run To The Hills
▪ The Number Of The Beast
Iron Maiden
75%
▪ Break Stuff
▪ Rollin' (Air Raid Vehicle)
Limp Bizkit
75%
▪ In The End
▪ Numb
Linkin Park
75%
▪ The Beautiful People
▪ Tainted Love
Marilyn Manson
75%
▪ Crazy Train
▪ Mr. Crowley
Ozzy Osbourne
75%
▪ Holy Diver
▪ Rainbow In The Dark
Dio
67%
▪ Symphony Of Destruction
▪ Hangar 18
Megadeth
67%
▪ Cowboys From Hell
▪ Walk
Pantera
67%
▪ Killing In The Name
▪ Bulls On Parade
Rage Against The Machine
67%
▪ Dragula
▪ Living Dead Girl
Rob Zombie
67%
▪ Madhouse
▪ Caught In A Mosh
Anthrax
58%
▪ Bat Country
▪ Afterlife
Avenged Sevenfold
58%
▪ Bad Company
▪ Far From Home
Five Finger Death Punch
58%
▪ Raining Blood
▪ Angel Of Death
Slayer
58%
▪ Wait And Bleed
▪ Before I Forget
Slipknot
58%
▪ Chop Suey!
▪ Toxicity
System Of A Down
58%
▪ Schism
▪ The Pot
Tool
58%
▪ Smooth Criminal
▪ Movies
Alien Ant Farm
50%
▪ Down With The Sickness
▪ Stricken
Disturbed
50%
▪ Last Resort
▪ Scars
Papa Roach
50%
▪ Du Hast
▪ Sonne
Rammstein
50%
▪ Twilight Of The Thunder God
▪ Guardians Of Asgard
Amon Amarth
42%
▪ Like A Stone
▪ Be Yourself
Audioslave
42%
▪ Gimme Chocolate!!
▪ Megitsune
Babymetal
42%
▪ Hammer Smashed Face
▪ I Cum Blood
Cannibal Corpse
42%
▪ Change (In The House Of Flies)
▪ My Own Summer (Shove It)
Deftones
42%
▪ Through The Fire And Flames
▪ Fury Of The Storm
DragonForce
42%
▪ Bodies
▪ Tear Away
Drowning Pool
42%
▪ Laid To Rest
▪ Redneck
Lamb Of God
42%
▪ Davidian
▪ Aesthetics Of Hate
Machine Head
42%
▪ Through Glass
▪ Bother
Stone Sour
42%
▪ Thunder Kiss '65
▪ More Human Than Human
White Zombie
42%
▪ Nemesis
▪ We Will Rise
Arch Enemy
33%
▪ Stillborn
▪ In This River
Black Label Society
33%
▪ Flying Whales
▪ Stranded
Gojira
33%
▪ Hard Rock Hallelujah
▪ Devil Is A Loser
Lordi
33%
▪ They Say
▪ Serious
Scars On Broadway
33%
▪ Roots Bloody Roots
▪ Territory
Sepultura
33%
▪ Bloodwork
▪ Slit Wrist Theory
36 Crazyfists
25%
▪ Energize Me
▪ Discord
After Forever
25%
▪ Keelhauled
▪ Drink
Alestorm
25%
▪ Kai Tangata
▪ Holding My Breath
Alien Weaponry
25%
▪ Judith
▪ The Outsider
A Perfect Circle
25%
▪ Nothing Left
▪ Confined
As I Lay Dying
25%
▪ Right Side Of The Bed
▪ Bleeding Mascara
Atreyu
25%
▪ Slaughter Of The Soul
▪ Blinded By Fear
At The Gates
25%
▪ Conquer All
▪ Ov Fire And Wind
Behemoth
25%
▪ Sexdicator Lucifer
▪ Conjuring The Dead
Belphegor
25%
▪ In The End
▪ Knives And Pens
Black Veil Brides
25%
▪ Nightfall
▪ Mirror Mirror
Blind Guardian
25%
▪ Tears Don't Fall
▪ Hand Of Blood
Bullet For My Valentine
25%
▪ Loco
▪ Fiend
Coal Chamber
25%
▪ Misery's Crown
▪ Monochromatic Stains
Dark Tranquillity
25%
▪ Progenies Of The Great Apocalypse
▪ Puritania
Dimmu Borgir
25%
▪ Pull Me Under
▪ Another Day
Dream Theater
25%
▪ Linchpin
▪ Replica
Fear Factory
25%
▪ Trollhammaren
▪ Jaktens Tid
Finntroll
25%
▪ I'm so Sick
▪ All Around Me
Flyleaf
25%
▪ Sick Of You
▪ Bring Back The Bomb
Gwar
25%
▪ I Will Be Heard
▪ Destroy Everything
Hatebreed
25%
▪ I Want Out
▪ Eagle Fly Free
Helloween
25%
▪ Take This Life
▪ Only For The Weak
In Flames
25%
▪ When The Lights Are Down
▪ March Of Mephisto
Kamelot
25%
▪ The End Of Heartache
▪ My Curse
Killswitch Engage
25%
▪ Abigail
▪ Welcome Home
King Diamond
25%
▪ Set It Off
▪ New York City
Madball
25%
▪ Blood And Thunder
▪ The Motherload
Mastodon
25%
▪ Bleed
▪ Combustion
Meshuggah
25%
▪ Happy?
▪ Dig
Mudvayne
25%
▪ Nemo
▪ Wish I Had An Angel
Nightwish
25%
▪ Ghost Division
▪ Primo Victoria
Sabaton
25%
▪ Demolisher
▪ Baba Yaga
Slaughter to Prevail
25%
▪ Stabbing The Drama
▪ Distortion Sleep
Soilwork
25%
▪ Push It
▪ Cold
Static-X
25%
▪ Love?
▪ Detox
Strapping Young Lad
25%
▪ Unanswered
▪ You Only Live Once
Suicide Silence
25%
▪ Dying In Your Arms
▪ Pull Harder On The Strings Of Your Martyr
Trivium
25%
▪ This Is Exile
▪ Possession
Whitechapel
25%
▪ Angels
▪ Stand My Ground
Within Temptation
25%
▪ If It Means A Lot To You
▪ The Downfall Of Us All
A Day To Remember
17%
▪ The Way You Like It
▪ Giving In
Adema
17%
▪ Lost In The Static
▪ Berzerker
After The Burial
17%
▪ Gotta Go
▪ Victim In Pain
Agnostic Front
17%
▪ Wage Slaves
▪ There Is No Business To Be Done On A Dead Planet
All Shall Perish
17%
▪ Akudama
▪ A Quiet Place To Die
Alpha Wolf
17%
▪ Hunger
▪ Drop Dead Cynical
Amaranthe
17%
▪ Just So You Know
▪ Cowards
American Head Charge
17%
▪ Alison Hell
▪ Crystal Ann
Annihilator
17%
▪ Welcome To Sludge City
▪ Gore Gore Gadget
Annotations Of An Autopsy
17%
▪ In Dying Days
▪ Me Fears Have Become Phobias
As Blood Runs Black
17%
▪ Not The American Average
▪ A Prophecy
Asking Alexandria
17%
▪ March To The Sea
▪ Take My Bones Away
Baroness
17%
▪ King For A Day
▪ No More Hollywood Endings
Battle Beast
17%
▪ Foam Born (A) The Backtrack
▪ Selkies: The Endless Obsession
Between The Buried And Me
17%
▪ Kill To Believe
▪ On Wings Of Lead
Bleeding Through
17%
▪ The Killchain
▪ At First Light
Bolt Thrower
17%
▪ Can You Feel My Heart
▪ Throne
Bring Me The Horizon
17%
▪ House Of Straw
▪ The Color Of Money
Bury Your Dead
17%
▪ Dunkelheit
▪ Jesus' Tod
Burzum
17%
▪ Solitude
▪ Bewitched
Candlemass
17%
▪ Heartwork
▪ Buried Dreams
Carcass
17%
▪ Forced Gender Reassignment
▪ Bring Back The Plague
Cattle Decapitation
17%
▪ Are You Dead Yet?
▪ In Your Face
Children Of Bodom
17%
▪ Resurrection
▪ Dead Inside
Chimaira
17%
▪ Her Ghost In The Fog
▪ Nymphetamine Fix
Cradle Of Filth
17%
▪ Demon(s)
▪ Convalescence
Darkest Hour
17%
▪ Transilvanian Hunger
▪ Quintessence
Darkthrone
17%
▪ Voice Of The Soul
▪ Symbolic
Death
17%
▪ The Ultra-Violence
▪ The Moth
Death Angel
17%
▪ Spheres Of Madness
▪ Day 69
Decapitated
17%
▪ Sacrificial Suicide
▪ Once Upon The Cross
Deicide
17%
▪ April Rain
▪ Frozen
Delain
17%
▪ Am I Evil?
▪ The Prince
Diamond Head
17%
▪ Die MF Die
▪ You Spin Me Round (Like A Record)
Dope
17%
▪ Subjected To A Beating
▪ Homicidal Retribution
Dying Fetus
17%
▪ We Got The Moves
▪ Pump It
Electric Callboy
17%
▪ Solar Flare Homicide
▪ When Keeping It Real Goes Wrong
Emmure
17%
▪ Token Of Time
▪ Lai Lai Hei
Ensiferum
17%
▪ Post-Boredom
▪ Map Change
Every Time I Die
17%
▪ Thrasher
▪ Enter The Grave
Evile
17%
▪ Bonded By Blood
▪ Blacklist
Exodus
17%
▪ The Drug In Me Is You
▪ I'm Not A Vampire
Falling In Reverse
17%
▪ Hurra Hurra Die Pest Ist Da
▪ Metvernichter
Feuerschwanz
17%
▪ The Sea Of Tragic Beasts
▪ Far From Heaven
Fit For An Autopsy
17%
▪ Hearts On Fire
▪ Always Will Be
HammerFall
17%
▪ You Wouldn't Know
▪ Alcohaulin' Ass
Hellyeah
17%
▪ Eraser
▪ Roswell 47
Hypocrisy
17%
▪ How Can I Live
▪ What Comes Around
Ill Niño
17%
▪ Pisces
▪ Judgement (& Punishment)
Jinjer
17%
▪ As I Slither
▪ The Ambassador Of Pain
Kataklysm
17%
▪ Killem All
▪ Fat Around The Heart
King 810
17%
▪ Vodka
▪ Wooden Pints
Korpiklaani
17%
▪ Enemy Of God
▪ Pleasure To Kill
Kreator
17%
▪ Our Truth
▪ Heaven's A Lie
Lacuna Coil
17%
▪ To The Hellfire
▪ Of The Abyss
Lorna Shore
17%
▪ Jesus Built My Hotrod
▪ Just One Fix
Ministry
17%
▪ Last Caress
▪ Where Eagles Dare
Misfits
17%
▪ Dead In Hollywood
▪ Slit My Wrist
Murderdolls
17%
▪ Scum
▪ Multinational Corporations
Napalm Death
17%
▪ Sacrifice Unto Sebek
▪ Lashed To The Slave Stick
Nile
17%
▪ Redneck Stomp
▪ Slowly We Rot
Obituary
17%
▪ Windowpane
▪ In My Time Of Need
Opeth
17%
▪ North Star Of Nija
▪ Saw
Orbit Culture
17%
▪ Bloodmeat
▪ Sequoia Throne
Protest The Hero
17%
▪ Spielmannsschwur
▪ Ebenbild
Saltatio Mortis
17%
▪ Mother North
▪ The Pentagram Burns
Satyricon
17%
▪ Princess Of The Night
▪ Wheels Of Steel
Saxon
17%
▪ The Illusionist
▪ Morphogenesis
Scar Symmetry
17%
▪ FullMoon
▪ Replica
Sonata Arctica
17%
▪ Jumpdafuckup
▪ Back To The Primitive
Soulfly
17%
▪ New Disease
▪ Synthetic
Spineshank
17%
▪ Forever
▪ No One Wins
The Berzerker
17%
▪ What A Horrible Night To Have A Curse
▪ Everything Went Black
The Black Dahlia Murder
17%
▪ Endless
▪ Zombie Autopilot
Unearth
17%
▪ Black Metal
▪ Welcome To Hell
Venom
17%
▪ Stitch
▪ Manic
Wage War
17%
▪ Diggy Diggy Hole
▪ Drunken Dwarves
Wind Rose
17%
▪ Pumped Up Kicks
▪ Lights Out
3Teeth
8%
▪ Let It Go
▪ Because Of You
Betraying The Martyrs
8%
▪ The End Of All We Know
▪ I Am Damnation
Bleed From Within
8%
▪ Bow Down
▪ Empires Erased
Born Of Osiris
8%
▪ Bottom Of A Bottle
▪ Sleepng With The Enemy
Butcher Babies
8%
▪ I Rape Myself
▪ It's Our Burden To Bleed
Caliban
8%
▪ A Dying God Coming Into Human Flesh
▪ Circle Of The Tyrants
Celtic Frost
8%
▪ Recreant
▪ Cheyne Stokes
Chelsea Grin
8%
▪ Biggest & The Beast
▪ Do What I Say
Clawfinger
8%
▪ Concubine
▪ Fault And Fracture
Converge
8%
▪ Planets Collide
▪ The Lasting Dose
Crowbar
8%
▪ Clouds Over California
▪ Digging Up The Corpses
DevilDriver
8%
▪ Kingdom
▪ Addicted!
Devin Townsend Project
8%
▪ Stone The Crow
▪ Lifer
Down
8%
▪ I Am The Black Wizards
▪ Inno A Satana
Emperor
8%
▪ Havenless
▪ Loke
Enslaved
8%
▪ Sensorium
▪ Never Enough
Epica
8%
▪ Maniac
▪ Mercenary Man
Firewind
8%
▪ The Violation
▪ The Fool
Fleshgod Apocalypse
8%
▪ Rebellion In Dreamland
▪ Land Of The Free
Gamma Ray
8%
▪ I Miss The Misery
▪ Love Bites (So Do I)
Halestorm
8%
▪ Endzeit
▪ Black Tears
Heaven Shall Burn
8%
▪ I Died For You
▪ Watching Over Me
Iced Earth
8%
▪ The American Nightmare
▪ A Grave Mistake
Ice Nine Kills
8%
▪ One By One
▪ Tyrants
Immortal
8%
▪ Skinned And Fucked
▪ Invidious
Ingested
8%
▪ Whore
▪ Blood
In This Moment
8%
▪ Gasoline
▪ Hurricane
I Prevail
8%
▪ Entombment Of A Machine
▪ Knee Deep
Job For A Cowboy
8%
▪ Brackish
▪ Spit
Kittie
8%
▪ Erase Me
▪ Hollowed Heart
Make Them Suffer
8%
▪ Embracing Extinction
▪ Conquistadores
Misery Index
8%
▪ Sun Doesn't Rise
▪ Kill Tomorrow
Mushroomhead
8%
▪ Believe In Nothing
▪ Narcosynthesis
Nevermore
8%
▪ Ocean Land (The Revelation)
▪ Building The Ark
Orphaned Land
8%
▪ Denied
▪ Aftermath
Sonic Syndicate
8%
▪ Circle With Me
▪ Holy Roller
Spiritbox
8%
▪ After Lifeless Years
▪ I Sever
Sylosis
8%
▪ For The Glory Of…
▪ Over The Wall
Testament
8%
▪ Hey John, What's Your Name Again?
▪ Dogs Can Grow Beards All Over
The Devil Wears Prada
8%
▪ Milk Lizard
▪ Black Bubblegum
The Dillinger Escape Plan
8%
▪ An Autopsy
▪ The Ancient Covenant
The Faceless
8%
▪ All Against All
▪ Bury Your Dead
The Haunted
8%
▪ Reign Of Darkness
▪ Holy War
Thy Art Is Murder
8%
▪ Abyss
▪ Awakening
Unleash The Archers
8%
▪ A Trigger Full Of Promises
▪ No Saving Me
Walls Of Jericho
8%
▪ World Of Warcraft
▪ 20 km/h
We Butter The Bread With Butter
8%
▪ To Plant A Seed
▪ Intentions
We Came As Romans
8%
▪ Speed On
▪ I Will Kill Again
Wolf
8%
▪ Punishment
▪ Wrong Side Of The Tracks
Biohazard
0%
▪ Lonely Train
▪ Blind Man
Black Stone Cherry
0%
▪ Hey Joe
▪ Smoked Pork
Body Count
0%
▪ Choke
▪ Earthbound
Bury Tomorrow
0%
▪ At War
▪ What's Left Inside
Conquer Divide
0%
▪ Clean My Wounds
▪ Albatross
Corrosion Of Conformity
0%
▪ Save Me
▪ Breathing New Life
Damageplan
0%
▪ Paper Tiger
▪ Rot
Dry Kill Logic
0%
▪ Superheroes
▪ King Of Fools
Edguy
0%
▪ Another Life
▪ Voices
Motionless In White
0%
▪ Second & Sebring
▪ Would You Still Be There
Of Mice & Men
0%
▪ Forever My Queen
▪ Be Forewarned
Pentagram
0%
▪ Dark Age
▪ Devilizer
Vader
0%

Score Distribution

Percentile by Number Answered

Percent of People with Each Score

Your Score History

You have not taken this quiz